Vista normal
Vista MARC
Entrada Nombre de reunión
Número de registros utilizados en: 1
001 - NÚMERO DE CONTROL
- campo de control: 55697
003 - IDENTIFICADOR DEL NÚMERO DE CONTROL
- campo de control: OSt
005 - FECHA Y HORA DE LA ÚLTIMA TRANSACCIÓN
- campo de control: 20200615034718.0
008 - DATOS DE LONGITUD FIJA
- campo de control de longitud fija: 200615|| aca||aabn | a|a d
040 ## - FUENTE DE LA CATALOGACIÓN
- Centro catalogador/agencia de origen: OSt
- Centro/agencia transcriptor: OSt
111 ## - ENCABEZAMIENTO--NOMBRE DE CONGRESO/REUNIÓN
- Nombre de congreso/reunión o jurisdicción como elemento de entrada: Congreso Internacional por la Vida y la Familia
- Número del congreso/reunión o número de parte o sección: (1er :
- Fecha del congreso/reunión: 1993, mar 4-7 :
- Sede del congreso/Lugar de la reunión: Santo Domingo )
670 ## - FUENTE DE DATOS ENCONTRADOS
- Cita de la fuente: Work cat.: (OSt)28201: Congreso Internacional por la Vida y la Familia (1er : 1993, mar 4-7 : Santo Domingo ), Ponencias presentadas en el 1er. congreso internacional por la vida y la familia., 1993.
